000
00233nam a2200097Ia 4500
008
230915s9999 xx 000 0 und d
050
_a
HF 5667.S83 1989
100
_a
SALEEM, NISAR AHMED
245
0
_a
AUDITING SIMPLIFIED
942
_c
BK
999
_c
83418
_d
83418